World Map with 10 Extra Borders #8 - Statistics

General Stats
  • This quiz has been taken 2,317 times
    2,165 since last reset
  • The average score is 8 of 10
Answers on the Map
Answers color-coded by a green-red scale on the quiz's map according to % correct below.
 
Answer Stats
Country % Correct
Paraguay
96%
Niger
93%
Indonesia
86%
Uzbekistan
84%
Cambodia
83%
Tanzania
83%
Estonia
82%
Italy
78%
Nicaragua
75%
F.S. of Micronesia
54%
No matching quizzes found
Score Distribution
Percent of People with Each Score
Percentile by Number Answered
Your Score History
You have not taken this quiz since the last reset